000 00787nam a2200217 i 4500
001 bg
100 1 _aMAZANEK, Małgorzata
245 1 0 _aStalowe bariery, barieroporęcze i balustrady do stosowania na obiektach mostowych :
_bzalecenia IBDiM do udzielania aprobat technicznych Nr Z/2006-03-011 /
_cMałgorzata Mazanek ; Instytut Badawczy Dróg i Mostów. Zakład Mostów.
260 _aWarszawa :
_bInstytut Badawczy Dróg i Mostów,
_c2007.
300 _a20 s. ;
_c24 cm.
490 1 _aInformacje, Instrukcje,
_x1231-0638 ;
_vz. 71
650 9 _aBariera stalowa
650 9 _aBalustrada
650 9 _aMosty
830 _aInformacje, Instrukcje,
_x1231-0638 ;
040 _cBPK
041 0 _apol
080 _a624.2/.8
942 _cKS
008 s pl f |000 0 pol
999 _c53005
_d53005
856 _uhttp://koha.tu.koszalin.pl/cgi-bin/koha/opac-detail.pl?biblionumber=53005
_yKatalog online BPK